Husbands and pumpkins and other stories / (Record no. 131474)

MARC details
000 -LEADER
fixed length control field 00767nam a22002417a 4500
003 - CONTROL NUMBER IDENTIFIER
control field dpl
005 - DATE AND TIME OF LATEST TRANSACTION
control field 20181110161613.0
008 - FIXED-LENGTH DATA ELEMENTS--GENERAL INFORMATION
fixed length control field 181110b ||||| |||| 00| 0 eng d
010 ## - LIBRARY OF CONGRESS CONTROL NUMBER
LC control number B-231288, B-231307
020 ## - INTERNATIONAL STANDARD BOOK NUMBER
Terms of availability 200.00
International Standard Book Number 8171548695
035 ## - SYSTEM CONTROL NUMBER
System control number B-231288, B-231307
037 ## - SOURCE OF ACQUISITION
Source of stock number/acquisition Cen Lib/Ret
040 ## - CATALOGING SOURCE
Original cataloging agency DPL
Language of cataloging EN
Transcribing agency 0
082 ## - DEWEY DECIMAL CLASSIFICATION NUMBER
Classification number S
Item number GAD
100 ## - MAIN ENTRY--PERSONAL NAME
Personal name Gadgil, Gangadhar
9 (RLIN) 102479
245 ## - TITLE STATEMENT
Title Husbands and pumpkins and other stories /
Statement of responsibility, etc by Gangadhar Gadgil
260 ## - PUBLICATION, DISTRIBUTION, ETC. (IMPRINT)
Place of publication, distribution, etc Mumbai
Name of publisher, distributor, etc Popular Prakshan
Date of publication, distribution, etc 2001
270 ## - ADDRESS
Address 35-C, Pt. Madan Mohan Malaviya Marg Popular Press Bldg., Tardeo
City Mumbai
Postal code 400034
300 ## - PHYSICAL DESCRIPTION
Extent 228p. :
Dimensions 21cm(pbk)
Other physical details ill.
650 ## - SUBJECT ADDED ENTRY--TOPICAL TERM
Topical term or geographic name as entry element English fiction
9 (RLIN) 102480
650 ## - SUBJECT ADDED ENTRY--TOPICAL TERM
Topical term or geographic name as entry element Fantasy fiction, English
9 (RLIN) 102481
942 ## - ADDED ENTRY ELEMENTS (KOHA)
Source of classification or shelving scheme Dewey Decimal Classification
Koha item type English Books
Classification part S
Call number suffix GAD
Holdings
Withdrawn status Lost status Damaged status Not for loan Home library Current library Date acquired Source of acquisition Cost, normal purchase price Total Checkouts Full call number Barcode Date last seen Copy number Cost, replacement price Price effective from Koha item type Source of classification or shelving scheme Collection code Total Renewals Date checked out
        Central Library Central Library 15/07/2015 Cen Lib/Ret 200.00   S GAD B-231288 15/07/2015 1 200.00 15/07/2015 English Books        
        Sarojini Nagar Sarojini Nagar 28/01/2019     2 S GAD B-231297 30/05/2026     28/01/2019 English Books Dewey Decimal Classification Fiction 2 11/04/2026
        Yojana Vihar Yojana Vihar 10/11/2018 BPPD/PUB 200.00   S GAD B-231307 10/11/2018   200.00 10/11/2018 English Books Dewey Decimal Classification Fiction    

© Delhi Public Library
Hit Counter
free hit counter